000 00480nam a22001577a 4500
003 OSt
005 20251217062720.0
008 251217b |||||||| |||| 00| 0 eng d
040 _aDWCL-Main lib.
_cOC
082 _aFil. 305.8 Sh12n 1999
100 _aHsiao Shiching
245 _aThe nanshas (spratlyst) disputes/
_cHsiao Shiching
260 _aQuezon city:
_bColor lithographic press inc. ;
_cc. 1999.
300 _ax, 190 p. ;
_c 26 cm.
942 _2ddc
_cBK - FIL
_hFil.
_n0
999 _c7168
_d7168